000
00257nam a22000977a 4500
999
_c
16217
_d
16217
003
OSt
008
200624b ||||| |||| 00| 0 eng d
100
_a
C.C Ouseph
_9
4620
245
_a
Text book of physics for the pre-professional course (practical)
942
_c
BK